| 000 | 00537nam a2200217Ia 4500 | ||
|---|---|---|---|
| 008 | 210210b2010 xxu||||| |||| 00| 0 eng d | ||
| 020 | _a0195699645 | ||
| 041 | _aeng | ||
| 082 | _a174.4 ALBB | ||
| 100 | _aALBUQUERQUE (Daniel) | ||
| 245 |
_aBusiness ethics _bPrinciples and practices |
||
| 260 |
_aNew Delhi _bOxford University Press _c2010 |
||
| 300 | _axvii,597 | ||
| 650 | _aPrinciples | ||
| 650 | _apractices | ||
| 650 | _aethics | ||
| 650 | _aBusiness | ||
| 650 | _aand | ||
| 690 | _aBusiness Ethics | ||
| 906 | _a064975 | ||
| 999 |
_c141671 _d141671 |
||